| 000 | 00555nam a2200145Ia 4500 | ||
|---|---|---|---|
| 008 | 100204s9999 xx 000 0 und d | ||
| 082 | _b23117 | ||
| 100 | _aजोशी श्रीपाद | ||
| 245 | _aजिब्रान खलील जिब्रान | ||
| 260 |
_b"कॉन्टीनेंटल बुक सर्व्हिस, पुणे" _c1998 2 |
||
| 300 | _a206 | ||
| 630 | _aजिब्रान खलील जिब्रान | ||
| 730 | _aजिब्रान खलील जिब्रान | ||
| 942 | _cBOOK | ||
| 999 |
_c468227 _d468224 |
||